[Event "European Blitz 2011"]
[Site "Warsaw POL"]
[Date "2011.12.16"]
[Round "4"]
[White "Wojtaszek, Radoslaw"]
[Black "Gajewski, Grzegorz"]
[Result "1-0"]
[WhiteTitle "GM"]
[BlackTitle "GM"]
[WhiteElo "2705"]
[BlackElo "2616"]
[WhiteFideId "1118358"]
[BlackFideId "1116207"]
[EventDate "2011.12.16"]

1. d4 Nf6 2. c4 e6 3. Nf3 d5 4. e3 Bd6 5. Nc3 b6 6. b3 Bb7 7. Bb2 Nbd7 8. Bd3
O-O 9. O-O c5 10. cxd5 exd5 11. Qc2 Rc8 12. Bf5 g6 13. Bh3 Qe7 14. Rad1 a6 15.
dxc5 bxc5 16. Qd3 Rcd8 17. Ne2 Ne4 18. Ng3 Ne5 19. Nxe5 Bxe5 20. Bxe5 Qxe5 21.
Nxe4 Qxe4 22. Qxe4 dxe4 23. Bd7 f5 24. g3 Kf7 25. Rd2 Ke7 26. Rfd1 Rf6 27. h4 a5
28. Bb5 Rxd2 29. Rxd2 Rd6 30. Rxd6 Kxd6 31. Kf1 Bc6 32. Bc4 Bd5 33. Bb5 Kc7 34.
Ke1 Kb6 35. Be8 c4 36. bxc4 Bxc4 37. a3 Kc5 38. Kd2 Be6 39. Kc3 Bd5 40. Bd7 Kd6
41. Bc8 h5 42. Kd4 Bf7 43. Ba6 Be6 44. Bb5 Bf7 45. Ba4 Be6 46. Be8 1-0

[Event "European Blitz 2011"]
[Site "Warsaw POL"]
[Date "2011.12.16"]
[Round "4"]
[White "Bacrot, Etienne"]
[Black "Andriasian, Zaven"]
[Result "1-0"]
[WhiteTitle "GM"]
[BlackTitle "GM"]
[WhiteElo "2714"]
[BlackElo "2619"]
[WhiteFideId "605506"]
[BlackFideId "13302000"]
[EventDate "2011.12.16"]

1. d4 d5 2. Nf3 Nf6 3. c4 c6 4. Nc3 dxc4 5. a4 Bf5 6. e3 e6 7. Bxc4 Nbd7 8. O-O
Bb4 9. Qe2 Bg6 10. e4 O-O 11. Bd3 Re8 12. Bf4 Qa5 13. h3 Bh5 14. e5 Bxf3 15.
Qxf3 Nd5 16. Nxd5 cxd5 17. Bb5 Qd8 18. Qb3 Be7 19. Rfc1 a6 20. Bd3 Rb8 21. Rc3
Bg5 22. Bxg5 Qxg5 23. Rc7 Nf8 24. Rxb7 Rbc8 25. Bxa6 Ng6 26. Qe3 Nf4 27. Bf1 Qf5
28. a5 h5 29. a6 h4 30. a7 Ra8 31. Rc7 g5 32. Qf3 Kg7 33. b4 Kh6 34. b5 Rg8 35.
b6 g4 36. hxg4 Rxg4 37. b7 Rag8 38. b8=Q Nxg2 39. Qxg8 Rxg8 40. Qxf5 Ne1+ 41.
Kh1 exf5 42. Rxe1 1-0

[Event "European Blitz 2011"]
[Site "Warsaw POL"]
[Date "2011.12.16"]
[Round "5"]
[White "Dziuba, Marcin"]
[Black "Riazantsev, Alexander"]
[Result "1-0"]
[WhiteTitle "GM"]
[BlackTitle "GM"]
[WhiteElo "2589"]
[BlackElo "2710"]
[WhiteFideId "1112953"]
[BlackFideId "4125029"]
[EventDate "2011.12.16"]

1. d4 Nf6 2. c4 e6 3. g3 d5 4. Nf3 Bb4+ 5. Bd2 Bxd2+ 6. Qxd2 c6 7. Bg2 b6 8. O-O
O-O 9. Rc1 Nbd7 10. a4 a5 11. cxd5 cxd5 12. Nc3 Ba6 13. e3 Qe7 14. Bf1 Bxf1 15.
Kxf1 Rfc8 16. Nb5 Ne4 17. Qe1 h6 18. b3 g5 19. h3 Qf6 20. Kg2 h5 21. Nd2 Qf5 22.
Qe2 Ndf6 23. Nxe4 Qxe4+ 24. Qf3 g4 25. hxg4 hxg4 26. Qxe4 Nxe4 27. f3 gxf3+ 28.
Kxf3 Kg7 29. g4 Rh8 30. Rh1 Rac8 31. Rxh8 Rxh8 32. Rc1 Rh3+ 33. Kf4 Nf2 34. Rc3
Nd1 35. Rd3 Kg6 36. Rxd1 Rh2 37. Rb1 Rf2+ 38. Kg3 Rc2 39. b4 Rc4 40. bxa5 bxa5
41. Nd6 Rxa4 42. Rb7 Rb4 43. Rxf7 Rb6 44. Rd7 a4 45. Ne8 Ra6 46. Rg7+ 1-0

[Event "European Blitz 2011"]
[Site "Warsaw POL"]
[Date "2011.12.16"]
[Round "5"]
[White "Bacrot, Etienne"]
[Black "Swiercz, Dariusz"]
[Result "0-1"]
[WhiteTitle "GM"]
[BlackTitle "GM"]
[WhiteElo "2714"]
[BlackElo "2584"]
[WhiteFideId "605506"]
[BlackFideId "1126881"]
[EventDate "2011.12.16"]

1. d4 Nf6 2. Nf3 e6 3. c4 d5 4. g3 Bb4+ 5. Bd2 Be7 6. Bg2 O-O 7. O-O c6 8. Bf4
b6 9. Nc3 Ba6 10. Ne5 Nfd7 11. cxd5 Nxe5 12. Bxe5 cxd5 13. Qa4 Qd7 14. Qxd7 Nxd7
15. Bf4 Rac8 16. Rfc1 Bf6 17. e3 Nb8 18. a4 Nc6 19. Nb5 Be7 20. Bf1 Bb7 21. Bd6
Rce8 22. Rc3 a6 23. Bxe7 Rxe7 24. Nd6 Ba8 25. Bxa6 Rd8 26. Bb7 Rxb7 27. Rxc6
Rbd7 28. Rxb6 Rxd6 29. Rb3 Ra6 30. Kf1 Bc6 31. Rb4 Rda8 32. b3 g5 33. Ke2 Kf8
34. Kd3 Ke7 35. Rc1 Kd6 36. Rc5 g4 37. Kd2 h5 38. Rc1 R8a7 39. Rc5 Ra8 40. Rc1
f6 41. h3 e5 42. hxg4 hxg4 43. dxe5+ fxe5 44. Rxg4 Bd7 45. Rg6+ Be6 46. Rg7 Rb8
47. Rc3 Rab6 48. Kc2 d4 49. exd4 exd4 50. Rf3 Rxb3 51. Rxb3 Rxb3 52. Rg6 Rf3 53.
a5 Ke5 54. Rg5+ Bf5+ 55. Kd2 Kf6 56. Rh5 Rxf2+ 57. Ke1 Ra2 58. a6 d3 59. Rh4 Ke5
60. g4 Be4 61. Rh3 0-1

[Event "European Blitz 2011"]
[Site "Warsaw POL"]
[Date "2011.12.16"]
[Round "5"]
[White "Miton, Kamil"]
[Black "Nepomniachtchi, Ian"]
[Result "0-1"]
[WhiteTitle "GM"]
[BlackTitle "GM"]
[WhiteElo "2622"]
[BlackElo "2730"]
[WhiteFideId "1111914"]
[BlackFideId "4168119"]
[EventDate "2011.12.16"]

1. d4 Nf6 2. c4 g6 3. Nc3 d5 4. Qb3 dxc4 5. Qxc4 Bg7 6. e4 O-O 7. Nf3 Bg4 8. Be3
Nfd7 9. Qb3 c5 10. d5 Na6 11. Be2 c4 12. Qc2 Nb4 13. Qd2 Bxf3 14. gxf3 Ne5 15.
O-O Qc8 16. f4 Ned3 17. a3 Na6 18. Bxd3 Qg4+ 19. Kh1 Qf3+ 20. Kg1 cxd3 21. Qd1
Qh3 22. Qxd3 Qg4+ 23. Kh1 Qf3+ 24. Kg1 Bxc3 25. bxc3 Nc5 26. Qd1 Qxd1 27. Rfxd1
Nxe4 28. Bd4 Nd6 29. a4 Nf5 30. Rdb1 b6 31. a5 Nxd4 32. cxd4 Rad8 33. Rb5 Rd6
34. axb6 axb6 35. Ra7 Re8 36. Kg2 Kf8 37. Rb7 Red8 38. R7xb6 Rxd5 39. Rxd5 Rxd5
40. Rb4 Kg7 41. Kf3 Rh5 42. Kg3 Kf6 43. Rb6+ e6 44. Rd6 Ra5 45. Rd7 Ra3+ 46. Kg2
Ra5 47. Kg3 Kg7 48. Kf3 Kf8 49. Rd8+ Ke7 50. Rb8 Rd5 51. Rb4 Kf6 52. Kg4 Rh5 53.
h4 Ra5 54. Kg3 Ra3+ 55. Kg2 Rd3 56. Ra4 h5 57. Rb4 Kf5 58. Rb7 f6 0-1

[Event "European Blitz 2011"]
[Site "Warsaw POL"]
[Date "2011.12.16"]
[Round "5"]
[White "Banusz, Tamas"]
[Black "Kryvoruchko, Yuriy"]
[Result "1-0"]
[WhiteTitle "GM"]
[BlackTitle "GM"]
[WhiteElo "2563"]
[BlackElo "2666"]
[WhiteFideId "722413"]
[BlackFideId "14109182"]
[EventDate "2011.12.16"]

1. Nf3 c5 2. c4 Nc6 3. d4 cxd4 4. Nxd4 g6 5. e4 Bg7 6. Be3 Nf6 7. Nc3 Ng4 8.
Qxg4 Nxd4 9. Qd1 e5 10. Nb5 Nxb5 11. cxb5 O-O 12. Qd2 d6 13. Bc4 Be6 14. b3 Qd7
15. O-O a6 16. Bxe6 Qxe6 17. Rfd1 Rfd8 18. bxa6 Rxa6 19. Qd5 Qxd5 20. Rxd5 Rc8
21. Rb5 f5 22. f3 Rc7 23. a4 Kf7 24. Rd1 Ke6 25. a5 Bf8 26. b4 fxe4 27. fxe4 Rc4
28. Rxb7 Rxe4 29. Bb6 Rxb4 30. Rxh7 d5 31. Rc1 d4 32. Rh8 Bd6 33. Rd8 Kd5 34.
Rc5+ Ke4 1-0

[Event "European Blitz 2011"]
[Site "Warsaw POL"]
[Date "2011.12.16"]
[Round "5"]
[White "Wojtaszek, Radoslaw"]
[Black "Movsesian, Sergei"]
[Result "0-1"]
[WhiteTitle "GM"]
[BlackTitle "GM"]
[WhiteElo "2705"]
[BlackElo "2710"]
[WhiteFideId "1118358"]
[BlackFideId "310204"]
[EventDate "2011.12.16"]

1. d4 d5 2. c4 c6 3. Nf3 Nf6 4. e3 Bg4 5. Nc3 e6 6. h3 Bxf3 7. Qxf3 Nbd7 8. Bd2
Bb4 9. Bd3 O-O 10. a3 Ba5 11. O-O Re8 12. Rfd1 Bc7 13. b4 e5 14. cxd5 cxd5 15.
Bb5 a6 16. Bxd7 Qxd7 17. dxe5 Rxe5 18. Rac1 Rae8 19. Be1 Qd6 20. g3 h5 21. Rd4
Qe6 22. Qg2 Bb6 23. Rd3 d4 24. Na4 dxe3 25. Nxb6 Qxb6 26. fxe3 h4 27. g4 Rxe3
28. Bf2 Re1+ 0-1

[Event "European Blitz 2011"]
[Site "Warsaw POL"]
[Date "2011.12.16"]
[Round "6"]
[White "Korobov, Anton"]
[Black "Wojtaszek, Radoslaw"]
[Result "1/2-1/2"]
[WhiteTitle "GM"]
[BlackTitle "GM"]
[WhiteElo "2660"]
[BlackElo "2705"]
[WhiteFideId "14105730"]
[BlackFideId "1118358"]
[EventDate "2011.12.16"]

1. d4 Nf6 2. c4 e6 3. Nc3 Bb4 4. e3 O-O 5. Bd3 c5 6. Nf3 b6 7. O-O Bb7 8. Bd2 d6
9. a3 Bxc3 10. Bxc3 Ne4 11. Bxe4 Bxe4 12. dxc5 dxc5 13. Nd2 Bg6 14. Qf3 Nd7 15.
Ne4 Qc7 16. Rad1 Rad8 17. h4 Bxe4 18. Qxe4 Nf6 19. Qf3 Rxd1 20. Rxd1 Rd8 21.
Bxf6 Rxd1+ 22. Qxd1 gxf6 23. Qg4+ Kf8 24. Qe4 Kg7 25. Qg4+ Kf8 26. h5 Qe5 27. h6
f5 28. Qg5 Qd6 29. Qg7+ Ke7 30. f3 Qd1+ 31. Kh2 Qe1 32. Qg5+ Ke8 33. Qg8+ Ke7
34. Qg5+ Ke8 1/2-1/2

[Event "European Blitz 2011"]
[Site "Warsaw POL"]
[Date "2011.12.16"]
[Round "6"]
[White "Banusz, Tamas"]
[Black "Banusz, Tamas"]
[Result "0-1"]
[WhiteTitle "GM"]
[BlackTitle "GM"]
[WhiteElo "2563"]
[BlackElo "2563"]
[WhiteFideId "722413"]
[BlackFideId "722413"]
[EventDate "2011.12.16"]

1. d4 Nf6 2. c4 e6 3. Nf3 d5 4. Nc3 Bb4 5. cxd5 exd5 6. Bg5 h6 7. Bh4 g5 8. Bg3
Ne4 9. Nd2 Nxg3 10. hxg3 c6 11. e4 dxe4 12. Ndxe4 Be6 13. d5 Bxc3+ 14. bxc3 cxd5
15. Qd4 Rf8 16. Nf6+ Ke7 17. Rb1 b6 18. Rxh6 Nc6 19. Qe3 Rh8 20. Rxh8 Qxh8 21.
Nxd5+ Kf8 22. Nc7 Bf5 23. Rb5 Rc8 24. Rxf5 Rxc7 25. Be2 Re7 26. Qd3 Qh1+ 27. Kd2
Qa1 28. Qc2 Ne5 29. Rxe5 Rxe5 30. Bc4 Qe1+ 0-1

[Event "European Blitz 2011"]
[Site "Warsaw POL"]
[Date "2011.12.16"]
[Round "6"]
[White "Howell, David W L"]
[Black "Movsesian, Sergei"]
[Result "0-1"]
[WhiteTitle "GM"]
[BlackTitle "GM"]
[WhiteElo "2633"]
[BlackElo "2710"]
[WhiteFideId "410608"]
[BlackFideId "310204"]
[EventDate "2011.12.16"]

1. e4 c5 2. c3 Qa5 3. g3 Nc6 4. Bg2 h5 5. h3 h4 6. g4 Ne5 7. d3 Qa6 8. Bf1 b5 9.
d4 cxd4 10. cxd4 Nc4 11. Nc3 Bb7 12. a4 Qa5 13. Rb1 e6 14. f3 a6 15. Kf2 Bb4 16.
Nge2 Ne7 17. Qd3 Ng6 18. b3 Nd6 19. Be3 e5 20. Bg2 O-O 21. axb5 axb5 22. Ra1
Qxa1 23. Rxa1 Rxa1 24. dxe5 Nxe5 25. Qd4 Nc6 26. Qd2 Rfa8 27. Qb2 Ne5 28. Qd2
Rc8 29. Bd4 Nc6 30. Be3 Ra3 31. Qd1 Na5 32. Nd5 Bxd5 33. Qxd5 Rxb3 34. e5 Ndc4
35. Qxd7 Rf8 36. Bd4 Rd3 37. Qxb5 Bd2 38. Bc5 Rd5 39. f4 Be3+ 40. Bxe3 Rxb5 0-1

[Event "European Blitz 2011"]
[Site "Warsaw POL"]
[Date "2011.12.16"]
[Round "6"]
[White "Ruck, Robert"]
[Black "Bacrot, Etienne"]
[Result "1/2-1/2"]
[WhiteTitle "GM"]
[BlackTitle "GM"]
[WhiteElo "2579"]
[BlackElo "2714"]
[WhiteFideId "705713"]
[BlackFideId "605506"]
[EventDate "2011.12.16"]

1. Nf3 g6 2. e4 Bg7 3. d4 d6 4. Bc4 c6 5. Bb3 Nf6 6. Nbd2 O-O 7. O-O b5 8. c3
Qc7 9. Re1 e5 10. a4 Nbd7 11. Nf1 a5 12. h3 Rb8 13. axb5 cxb5 14. Bg5 h6 15. Bd2
Bb7 16. Ng3 a4 17. Ba2 Nb6 18. Qc1 Kh7 19. Nh2 Nc4 20. Bxc4 Qxc4 21. dxe5 dxe5
22. Ng4 Ng8 23. Ne3 Qe6 24. c4 Rfc8 25. Qd1 bxc4 26. Rxa4 Nf6 27. Qc2 Ba6 28.
Bc3 Bb5 29. Ra5 Nd7 30. Nd5 Nc5 31. Ra7 Rb7 32. Raa1 Bc6 33. Ne3 Nd3 34. Ra7 Ra8
35. Kh2 1/2-1/2

[Event "European Blitz 2011"]
[Site "Warsaw POL"]
[Date "2011.12.16"]
[Round "6"]
[White "Potkin, Vladimir"]
[Black "Bartel, Mateusz"]
[Result "1-0"]
[WhiteTitle "GM"]
[BlackTitle "GM"]
[WhiteElo "2684"]
[BlackElo "2653"]
[WhiteFideId "4131061"]
[BlackFideId "1112635"]
[EventDate "2011.12.16"]

1. e4 e6 2. d4 d5 3. Nc3 Bb4 4. e5 c5 5. a3 Bxc3+ 6. bxc3 Ne7 7. Nf3 Qa5 8. Bd2
Nbc6 9. Qb1 O-O 10. Bd3 c4 11. Be2 f6 12. exf6 gxf6 13. O-O Kh8 14. a4 Qc7 15.
Qc1 Ng6 16. Bh6 Rg8 17. Qd2 Nce7 18. Ne1 Nf5 19. g3 Nxh6 20. Qxh6 e5 21. Ng2 Bf5
22. Ne3 Be6 23. Rad1 Rad8 24. Kh1 Qa5 25. dxe5 fxe5 26. f4 exf4 27. gxf4 d4 28.
Rxd4 Rxd4 29. cxd4 Qd2 30. f5 Bd5+ 31. Bf3 Bxf3+ 32. Rxf3 Qe2 33. Rg3 Qe1+ 34.
Rg1 Qf2 35. fxg6 Qf3+ 36. Ng2 Rxg6 37. Qe3 Qc6 38. Qe5+ Kg8 39. d5 Qc5 40. Qe8+
Kg7 41. Qe5+ Kg8 42. Rf1 Qc8 43. Nf4 Qf8 44. Rg1 1-0

[Event "European Blitz 2011"]
[Site "Warsaw POL"]
[Date "2011.12.16"]
[Round "6"]
[White "Bacrot, Etienne"]
[Black "Ruck, Robert"]
[Result "1-0"]
[WhiteTitle "GM"]
[BlackTitle "GM"]
[WhiteElo "2714"]
[BlackElo "2579"]
[WhiteFideId "605506"]
[BlackFideId "705713"]
[EventDate "2011.12.16"]

1. d4 Nf6 2. Bf4 c5 3. e3 g6 4. Bd3 Bg7 5. Nc3 O-O 6. Nf3 d5 7. h4 Bg4 8. Qd2
Nc6 9. Ne5 cxd4 10. exd4 Nb4 11. Nxg4 Nxg4 12. Be2 Nf6 13. h5 Rc8 14. Bf3 Ne4
15. Bxe4 dxe4 16. hxg6 fxg6 17. Be3 Bxd4 18. Bxd4 Qxd4 19. Rd1 1-0

[Event "European Blitz 2011"]
[Site "Warsaw POL"]
[Date "2011.12.16"]
[Round "6"]
[White "Bartel, Mateusz"]
[Black "Potkin, Vladimir"]
[Result "1-0"]
[WhiteTitle "GM"]
[BlackTitle "GM"]
[WhiteElo "2653"]
[BlackElo "2684"]
[WhiteFideId "1112635"]
[BlackFideId "4131061"]
[EventDate "2011.12.16"]

1. g3 d5 2. Bg2 Nf6 3. f4 g6 4. Nf3 Bg7 5. O-O O-O 6. d3 c5 7. e3 Nc6 8. Qe2 Qc7
9. Nc3 d4 10. Nb5 Qb6 11. Na3 dxe3 12. Nc4 Qc7 13. Bxe3 b6 14. Rae1 Bb7 15. Bd2
Rad8 16. Bc3 Nd4 17. Bxd4 cxd4 18. Qxe7 Rd7 19. Qe2 b5 20. Nce5 Rdd8 21. Ng5 Nd5
22. Nexf7 Rxf7 23. Qe6 h6 24. f5 gxf5 25. Nxf7 Qxf7 26. Rxf5 Qxe6 27. Rxe6 Ne3
28. Rxe3 Bxg2 29. Re7 Bd5 30. Rxa7 Be6 31. Rxb5 Rc8 32. Rb6 Bh3 33. Rg6 Rxc2 34.
Rgxg7+ Kf8 35. Raf7+ Ke8 36. Rc7 Rg2+ 37. Kh1 Kf8 38. Rcf7+ Ke8 39. Rb7 Kf8 40.
Rgf7+ Ke8 41. Rh7 1-0

[Event "European Blitz 2011"]
[Site "Warsaw POL"]
[Date "2011.12.16"]
[Round "6"]
[White "Fedorov, Alexei"]
[Black "Nepomniachtchi, Ian"]
[Result "1-0"]
[WhiteTitle "GM"]
[BlackTitle "GM"]
[WhiteElo "2579"]
[BlackElo "2730"]
[WhiteFideId "13500465"]
[BlackFideId "4168119"]
[EventDate "2011.12.16"]

1. e4 c5 2. d3 g6 3. g3 Bg7 4. Bg2 Nc6 5. f4 e5 6. Nf3 d6 7. O-O Nge7 8. f5 gxf5
9. Nh4 fxe4 10. dxe4 Be6 11. Nf5 Nxf5 12. exf5 Bc4 13. Rf2 e4 14. Na3 Ba6 15. c3
d5 16. f6 Bxf6 17. Qh5 Qe7 18. Be3 Be5 19. Bxc5 Qxc5 20. Qxf7+ Kd8 21. Rd1 Ne7
22. b4 Qxc3 23. b5 Bd4 24. Rxd4 Qxd4 25. bxa6 bxa6 26. Qe6 Qb6 27. Qf7 Rc8 28.
Bh3 Rc3 29. Kg2 Rxa3 30. Rc2 Rc3 31. Rxc3 Qb2+ 32. Qf2 Qxc3 33. Qxa7 Rf8 34.
Qd7# 1-0

[Event "European Blitz 2011"]
[Site "Warsaw POL"]
[Date "2011.12.16"]
[Round "6"]
[White "Dziuba, Marcin"]
[Black "Kryvoruchko, Yuriy"]
[Result "1/2-1/2"]
[WhiteTitle "GM"]
[BlackTitle "GM"]
[WhiteElo "2589"]
[BlackElo "2666"]
[WhiteFideId "1112953"]
[BlackFideId "14109182"]
[EventDate "2011.12.16"]

1. d4 Nf6 2. c4 e6 3. g3 Bb4+ 4. Bd2 a5 5. Bg2 d6 6. e4 O-O 7. Ne2 e5 8. O-O
exd4 9. Nxd4 Re8 10. Re1 Bc5 11. Bc3 Ng4 12. h3 Ne5 13. b3 Nbc6 14. Nxc6 bxc6
15. Rf1 Qg5 16. Kh2 Qh6 17. Bxe5 Rxe5 18. Qd2 Qxd2 19. Nxd2 Bd7 20. f4 Ree8 21.
Rab1 Reb8 22. Rfe1 Bb4 23. Re2 a4 24. bxa4 Rxa4 25. Nf3 c5 26. e5 Re8 27. Rd1
Ra6 28. Rb2 Be6 29. Rc2 f6 30. g4 fxe5 31. fxe5 Bd7 32. exd6 cxd6 33. Ng5 h6 34.
Bd5+ Kh8 35. Ne4 Ba4 36. Rdc1 Bxc2 37. Rxc2 Ra3 38. Ng3 Bc3 39. Nf5 Be5+ 40. Kg2
Rb8 41. Ne7 g5 42. Nf5 Rb2 43. Rxb2 Bxb2 44. Nxh6 Rxa2 45. Kf3 Ra3+ 46. Ke4 Rxh3
47. Nf7+ Kg7 48. Nxg5 Rg3 49. Kf5 Rg1 50. Ne6+ Kh7 1/2-1/2

[Event "European Blitz 2011"]
[Site "Warsaw POL"]
[Date "2011.12.16"]
[Round "7"]
[White "Wojtaszek, Radoslaw"]
[Black "Potkin, Vladimir"]
[Result "1-0"]
[WhiteTitle "GM"]
[BlackTitle "GM"]
[WhiteElo "2705"]
[BlackElo "2684"]
[WhiteFideId "1118358"]
[BlackFideId "4131061"]
[EventDate "2011.12.16"]

1. Nf3 Nf6 2. c4 c5 3. d4 cxd4 4. Nxd4 Nc6 5. g3 g6 6. Bg2 Bg7 7. O-O O-O 8. Nc3
d6 9. Nxc6 bxc6 10. Bxc6 Bh3 11. Bg2 Bxg2 12. Kxg2 Rc8 13. Qd3 Ng4 14. Bf4 Qa5
15. Nd5 Rfe8 16. h3 Ne5 17. Bxe5 Bxe5 18. b4 Qa6 19. Rac1 Qxa2 20. c5 dxc5 21.
Rxc5 Rxc5 22. bxc5 e6 23. Ne3 Rc8 24. Rc1 Qa4 25. f4 Bg7 26. Ng4 Qc6+ 27. Qf3
Bd4 28. e3 Qxf3+ 29. Kxf3 Rxc5 30. Rd1 Bc3 31. e4 h5 32. Nf2 a5 33. Rd8+ Kg7 34.
e5 a4 35. Ne4 Rc7 36. Nf6 Rb7 37. Rg8+ Kh6 38. Rh8+ Kg7 39. Rg8+ Kh6 40. g4 1-0

[Event "European Blitz 2011"]
[Site "Warsaw POL"]
[Date "2011.12.16"]
[Round "7"]
[White "Howell, David W L"]
[Black "Nepomniachtchi, Ian"]
[Result "1-0"]
[WhiteTitle "GM"]
[BlackTitle "GM"]
[WhiteElo "2633"]
[BlackElo "2730"]
[WhiteFideId "410608"]
[BlackFideId "4168119"]
[EventDate "2011.12.16"]

1. e4 e6 2. d4 d5 3. Nd2 Nf6 4. e5 Nfd7 5. c3 c5 6. Bd3 b6 7. Ne2 Ba6 8. Bxa6
Nxa6 9. a3 Rc8 10. Nf4 cxd4 11. cxd4 Qc7 12. O-O Qc2 13. Qg4 h5 14. Qh3 Nc7 15.
Nf3 Be7 16. Be3 Qe4 17. Rac1 Kd8 18. Qg3 g6 19. h4 Qf5 20. Nh3 Qg4 21. Qh2 Ne8
22. Nhg5 Rf8 23. Nh7 Rg8 24. Nhg5 Qf5 25. Qg3 Ng7 26. Bd2 a5 27. Nh2 Rf8 28. Qb3
f6 29. exf6 Bxf6 30. Nhf3 Be7 31. Qb5 Bd6 32. Rc6 Rxc6 33. Qxc6 Ne8 34. Re1 Rf6
35. Nh7 Rf7 36. Bg5+ Re7 37. Bxe7+ Kxe7 38. Nhg5 Nc7 39. g3 Nf8 40. Kg2 Qd3 41.
Qxb6 a4 42. Rc1 Kd7 43. Qb7 Qb5 44. Rxc7+ 1-0

[Event "European Blitz 2011"]
[Site "Warsaw POL"]
[Date "2011.12.16"]
[Round "7"]
[White "Sjugirov, Sanan"]
[Black "Kryvoruchko, Yuriy"]
[Result "1/2-1/2"]
[WhiteTitle "GM"]
[BlackTitle "GM"]
[WhiteElo "2622"]
[BlackElo "2666"]
[WhiteFideId "4189302"]
[BlackFideId "14109182"]
[EventDate "2011.12.16"]

1. e4 e5 2. Nf3 Nc6 3. Bb5 a6 4. Ba4 Nf6 5. O-O Be7 6. d3 d6 7. c3 O-O 8. Re1
Re8 9. Nbd2 Bf8 10. Nf1 g6 11. Ng3 Bg7 12. h3 h6 13. d4 Bd7 14. Bb3 b5 15. a3
Na5 16. Bc2 c5 17. d5 c4 18. Nh2 Nb7 19. Be3 Qc7 20. Ng4 Nxg4 21. hxg4 Nc5 22.
f3 Qd8 23. Kf2 Qf6 24. Ke2 Rec8 25. Rh1 g5 26. Qd2 a5 27. Nh5 Qg6 28. Nxg7 Kxg7
29. Rh5 b4 30. Bxg5 hxg5 31. Rxg5 b3 32. Rxg6+ Kxg6 33. Rh1 Rh8 34. Rxh8 Rxh8
35. Bd1 Rh1 36. Ke3 Nd3 37. Be2 Re1 38. g3 f6 39. Qxe1 Nxe1 40. Bxc4 a4 41. Ke2
Nc2 42. Bd3 Kg5 43. Kd2 Na1 44. Ba6 Nc2 45. Bd3 Na1 46. Be2 Nc2 47. Bd3 Na1 48.
c4 Kg6 49. Kc3 Kf7 50. Kd2 Ke7 51. Kc3 Kd8 52. Be2 Nc2 53. f4 Nd4 54. Bd1 Ke7
55. Kb4 Nc2+ 56. Kc3 Ne3 57. Be2 Nxg4 58. Kb4 Ne3 59. c5 Nc2+ 60. Kc4 dxc5 61.
Kxc5 Nd4 62. Bc4 Kd8 63. Kd6 Nf3 64. Be2 Bg4 1/2-1/2

[Event "European Blitz 2011"]
[Site "Warsaw POL"]
[Date "2011.12.16"]
[Round "7"]
[White "Banusz, Tamas"]
[Black "Bartel, Mateusz"]
[Result "1-0"]
[WhiteTitle "GM"]
[BlackTitle "GM"]
[WhiteElo "2563"]
[BlackElo "2653"]
[WhiteFideId "722413"]
[BlackFideId "1112635"]
[EventDate "2011.12.16"]

1. Nf3 f5 2. g3 g6 3. Bg2 Bg7 4. d4 Nf6 5. O-O O-O 6. c4 d6 7. Nc3 c6 8. Rb1 Na6
9. b4 Ne4 10. Nxe4 fxe4 11. Ng5 d5 12. Nh3 Bf5 13. Nf4 Nc7 14. e3 Qd7 15. b5 g5
16. bxc6 bxc6 17. Ne2 Bg4 18. Qc2 Rab8 19. Ba3 h5 20. Rxb8 Rxb8 21. f3 exf3 22.
Bxf3 Qe6 23. Bc1 Bf5 24. Qa4 g4 25. Bg2 Rb1 26. Nf4 Qd7 27. cxd5 cxd5 28. Qxd7
Bxd7 29. Nxd5 Nxd5 30. Bxd5+ Kh8 31. Ba3 Rb5 32. Bc4 Bh6 33. Bxb5 Bxe3+ 34. Kg2
Bxb5 35. Rf5 Bc6+ 36. d5 Ba4 37. Re5 Bd4 38. Re4 e5 39. Bd6 Bc2 40. Bxe5+ 1-0

[Event "European Blitz 2011"]
[Site "Warsaw POL"]
[Date "2011.12.16"]
[Round "8"]
[White "Banusz, Tamas"]
[Black "Wojtaszek, Radoslaw"]
[Result "1-0"]
[WhiteTitle "GM"]
[BlackTitle "GM"]
[WhiteElo "2563"]
[BlackElo "2705"]
[WhiteFideId "722413"]
[BlackFideId "1118358"]
[EventDate "2011.12.16"]

1. Nf3 Nf6 2. c4 e6 3. g3 d5 4. d4 Bb4+ 5. Bd2 Be7 6. Bg2 O-O 7. O-O c6 8. Qc2
b6 9. Rd1 Nbd7 10. b3 a5 11. Bc3 Bb7 12. Nbd2 c5 13. e3 Rc8 14. Qb2 Qc7 15. Rac1
Qb8 16. Ne5 cxd4 17. Bxd4 Nxe5 18. Bxe5 Qa8 19. cxd5 Rxc1 20. Rxc1 Bxd5 21. Bxd5
Qxd5 22. Qd4 Qxd4 23. Bxd4 b5 24. Bxf6 gxf6 25. Rc7 Bb4 26. Nf3 Rd8 27. Nd4 Rd5
28. Rb7 Bc3 29. Rxb5 Rd7 30. Nc6 Rd2 31. a4 Ra2 32. Nxa5 Be1 33. f3 Bf2+ 34. Kf1
Bxe3 35. Nc4 Bd4 36. a5 Rxh2 37. a6 Rf2+ 38. Ke1 Ra2 39. Rb8+ Kg7 40. Ra8 f5 41.
Kd1 f4 42. g4 e5 43. Nd6 Bc5 44. Nf5+ Kf6 45. Rc8 Bb4 46. Rc6+ Kg5 47. Rc4 Ba5
48. Ra4 Rxa4 49. bxa4 Bb6 50. a5 Ba7 51. Nd6 e4 52. Nxe4+ Kh4 53. Ke2 Kh3 54.
Nd6 1-0

[Event "European Blitz 2011"]
[Site "Warsaw POL"]
[Date "2011.12.16"]
[Round "8"]
[White "Movsesian, Sergei"]
[Black "Melkumyan, Hrant"]
[Result "1/2-1/2"]
[WhiteTitle "GM"]
[BlackTitle "GM"]
[WhiteElo "2710"]
[BlackElo "2615"]
[WhiteFideId "310204"]
[BlackFideId "13302485"]
[EventDate "2011.12.16"]

1. g3 Nf6 2. Bg2 d5 3. Nf3 c6 4. O-O Bf5 5. d3 h6 6. Nbd2 e6 7. b3 Be7 8. Bb2
O-O 9. c4 Nbd7 10. Qc2 Bh7 11. a3 Rc8 12. b4 a5 13. Bc3 axb4 14. axb4 Qb6 15.
Qb2 Ra8 16. c5 Qc7 17. Ne5 Rfc8 18. Nxd7 Qxd7 19. Nf3 Qd8 20. Ne5 Bf8 21. Rxa8
Rxa8 22. Ra1 Rxa1+ 23. Qxa1 Nd7 24. Qa7 Nxe5 25. Bxe5 Qc8 26. d4 Bg6 27. Bf1 f6
28. Bb8 Be8 29. e3 Be7 30. Bd3 h5 31. h4 Kf8 32. Bf4 Kg8 33. Bc2 Bf8 34. Qa3 Be7
35. Qd3 g6 36. Qa3 Kf7 37. Qa7 Bd7 38. Bd3 Be8 39. Be2 Bd7 40. Kf1 Be8 41. Ke1
Kf8 42. Kd2 Kf7 43. f3 Kf8 44. g4 f5 45. g5 Bd8 46. Bd6+ Be7 47. Bxe7+ Kxe7 48.
Ba6 Qc7 49. Qxb7 Kd8 50. Qxc7+ Kxc7 51. Kc3 Bd7 52. f4 Kb8 53. b5 Kc7 54. Kb4
Be8 55. Ka5 Bd7 56. bxc6 Be8 57. Bb7 Bf7 58. Ba6 Be8 59. Bd3 Bf7 60. Be2 Be8 61.
Kb4 Bf7 62. Kc3 Be8 63. Kb4 Bf7 64. Bb5 Be8 1/2-1/2